| 000 | 01000nam a22003377a 4500 | ||
|---|---|---|---|
| 001 | 0043556 | ||
| 003 | KOHA_MİRAKIL | ||
| 005 | 20260207003353.0 | ||
| 007 | ta | ||
| 008 | 130730b2012 tu |||gr||||#0|||0|tur | | ||
| 020 | _a9754377224 | ||
| 040 |
_aTR-BiSEU _btur _cTR-BiSEU _erda |
||
| 041 | 0 | _atur | |
| 044 | _ctu | ||
| 050 |
_aDR584.5 _b.B57 2012 |
||
| 100 | 1 | _aBirinci, Ali. | |
| 245 | 1 |
_aTarih yolunda : _byakın mazinin siyasi ve fikri ahvali/ _cAli Birinci ; Ali Birinci. |
|
| 264 | 1 |
_aİstanbul : _bDergah Yayınları _c2012 |
|
| 300 |
_a320 sayfa ; _c23 cm. |
||
| 336 |
_ametin _btxt _2rdacontent |
||
| 337 |
_aaracısız _bn _2rdamedia |
||
| 338 |
_acilt _bnc _2rdacarrier |
||
| 490 | 1 |
_aDergah Yayınları ; _v219. |
|
| 490 | 1 |
_aTarih Dizisi ; _v19. |
|
| 500 | _aDizin var. | ||
| 650 | 0 |
_aPublishers and publishing--Turkey--History. _956161 |
|
| 830 | 1 |
_aDergah Yayınları ; _v219. _911219 |
|
| 830 | 1 |
_aTarih Dizisi ; _v19. _928218 |
|
| 907 | _aTarih | ||
| 942 |
_2lcc _cBK |
||
| 999 |
_c43373 _d43373 |
||